<?xml version="1.0" encoding="UTF-8"?>
<record
    xmlns:xsi="http://www.w3.org/2001/XMLSchema-instance"
    xsi:schemaLocation="http://www.loc.gov/MARC21/slim http://www.loc.gov/standards/marcxml/schema/MARC21slim.xsd"
    xmlns="http://www.loc.gov/MARC21/slim">

  <leader>01194nam a22001337a 4500</leader>
  <controlfield tag="008">160525b        xxu||||| |||| 00| 0 eng d</controlfield>
  <datafield tag="082" ind1=" " ind2=" ">
    <subfield code="a">708</subfield>
    <subfield code="b">K881</subfield>
  </datafield>
  <datafield tag="100" ind1=" " ind2=" ">
    <subfield code="a">Godfried Donkor; Abdoulaye Konat&#xE9;; Koyo Kouoh; Wendelien van Oldenborgh; Willem de Rooij et all</subfield>
    <subfield code="9">5035</subfield>
  </datafield>
  <datafield tag="245" ind1=" " ind2=" ">
    <subfield code="a">Hollandaise : a journey into an iconic fabric: Hollandaise : un voyage &#xE0; travers un tissu embl&#xE9;matique </subfield>
    <subfield code="c">Godfried Donkor; Abdoulaye Konat&#xE9;; Koyo Kouoh; Wendelien van Oldenborgh; Willem de Rooij et all</subfield>
  </datafield>
  <datafield tag="260" ind1=" " ind2=" ">
    <subfield code="a">Dakar, Senegal</subfield>
    <subfield code="b"> Raw Material Company</subfield>
    <subfield code="c">2013</subfield>
  </datafield>
  <datafield tag="300" ind1=" " ind2=" ">
    <subfield code="a">127 pag</subfield>
    <subfield code="b">col</subfield>
    <subfield code="c">24 cm</subfield>
  </datafield>
  <datafield tag="505" ind1=" " ind2=" ">
    <subfield code="t">"Hollandaise : a journey into an iconic fabric ; Artists: Godfried Donkor, Abdoulaye Konate, Wendelien van Oldenborgh, Willem de Rooij, Billie Zangewa ; [exhibition: 3/11/2012 - 5/1/2013, Stedelijk Museum Bureau Amsterdam ; 10/4/ - 1/6/2013 Raw Material Company] = Hollandaise : un voyage &#xE0; travers un tissu embl&#xE9;matique ; Artistes: Godfried Donkor, Abdoulaye Konate, Wendelien van Oldenborgh, Willem de Rooij, Billie Zangewa ; [Exposition: 3/11/2012 - 5/1/2013, Stedelijk Museum Bureau Amsterdam ; 10/4/ - 1/6/2013 Raw Material Company]". </subfield>
  </datafield>
  <datafield tag="650" ind1=" " ind2=" ">
    <subfield code="a">Catalogo de Exhibici&#xF3;n</subfield>
    <subfield code="v">Arte </subfield>
    <subfield code="z">Holanda- Africa</subfield>
    <subfield code="9">5036</subfield>
  </datafield>
  <datafield tag="999" ind1=" " ind2=" ">
    <subfield code="c">917</subfield>
    <subfield code="d">917</subfield>
  </datafield>
  <datafield tag="952" ind1=" " ind2=" ">
    <subfield code="0">0</subfield>
    <subfield code="1">0</subfield>
    <subfield code="2">ddc</subfield>
    <subfield code="4">0</subfield>
    <subfield code="7">0</subfield>
    <subfield code="a">LV</subfield>
    <subfield code="b">LV</subfield>
    <subfield code="c">Colectivas</subfield>
    <subfield code="d">2016-05-25</subfield>
    <subfield code="l">0</subfield>
    <subfield code="o">708 K881</subfield>
    <subfield code="p">004064</subfield>
    <subfield code="r">2016-05-25 00:00:00</subfield>
    <subfield code="w">2016-05-25</subfield>
    <subfield code="y">01</subfield>
  </datafield>
</record>
